[Event "St Petersburg Nov op"]
[Site "St Petersburg"]
[Date "2008.11.04"]
[Round "4"]
[White "Kosov, Igor"]
[Black "Chernenko, Ilya"]
[Result "0-1"]
[WhiteElo "1746"]
[BlackElo "2056"]
[PlyCount "72"]
[EventDate "2008.11.01"]
[EventType "swiss"]
[EventRounds "9"]
[EventCountry "RUS"]
[SourceTitle "EXT 2010"]
[Source "ChessBase"]
[SourceDate "2010.11.25"]
[SourceVersion "1"]
[SourceVersionDate "2010.11.25"]
[SourceQuality "1"]

1. d4 Nf6 2. c4 g6 3. Nc3 Bg7 4. e4 d6 5. f3 0-0 6. Be3 Nc6 7. Qd2 a6 8. 0-0-0 Rb8 9. Bh6 e5 10. d5 Nd4 11. Nge2 c5 12. dxc6 Bxh6 13. Qxh6 Nxe2+ 14. Bxe2 bxc6 15. g4 Qb6 16. Qd2 Be6 17. h4 d5 18. h5 d4 19. Na4 Qb4 20. Qxb4 Rxb4 21. b3 Nd7 22. f4 exf4 23. Rxd4 g5 24. Rd6 Ne5 25. Nc5 f3 26. Nd3 Bxc4 27. bxc4 Rxc4+ 28. Kb2 Rxe4 29. Bxf3 Nxf3 30. Nc5 Rb8+ 31. Kc3 Re3+ 32. Kc2 Ne5 33. h6 Nc4 34. Nd7 Rb2+ 35. Kc1 Rc3+ 36. Kd1 Ne3+ 0-1

[Event "St Petersburg March op"]
[Site "St Petersburg"]
[Date "2008.03.28"]
[Round "7"]
[White "Chernenko, Ilya"]
[Black "Efremova, Daria"]
[Result "1-0"]
[WhiteElo "2055"]
[BlackElo "1958"]
[PlyCount "169"]
[EventDate "2008.03.22"]
[EventType "swiss"]
[EventRounds "9"]
[EventCountry "RUS"]
[SourceTitle "EXT 2010"]
[Source "ChessBase"]
[SourceDate "2010.11.25"]
[SourceVersion "1"]
[SourceVersionDate "2010.11.25"]
[SourceQuality "1"]

1. e4 g6 2. d4 Bg7 3. c4 d6 4. Nc3 Nf6 5. Be2 0-0 6. Bg5 Nbd7 7. Qd2 c5 8. d5 a6 9. a4 Rb8 10. Nf3 b5 11. axb5 axb5 12. cxb5 Bb7 13. 0-0 Nb6 14. Rfd1 Ra8 15. Rxa8 Qxa8 16. Qc2 Re8 17. Bf4 Nh5 18. Be3 h6 19. Nd2 Nf6 20. Nc4 Nxc4 21. Bxc4 Ng4 22. Bf4 Ne5 23. b3 Qa5 24. Bd2 Nxc4 25. bxc4 Ra8 26. h3 Bc8 27. Rb1 Qd8 28. Ne2 f5 29. Ng3 f4 30. Bxf4 Qa5 31. e5 dxe5 32. Be3 Qb6 33. Ne4 Bf5 34. g4 Bxe4 35. Qxe4 Ra2 36. Rd1 Qd6 37. Qb1 Ra4 38. Qc2 Ra8 39. Qe4 Ra2 40. Rf1 Kh7 41. f4 exf4 42. Bxf4 Qf6 43. Bg3 Qc3 44. Bf2 Qxh3 45. Qg2 Qd3 46. Qg3 Qxc4 47. Qf3 Qxb5 48. Re1 Rxf2 49. Kxf2 Qb2+ 50. Kf1 Qf6 51. Kg2 c4 52. Qe4 Qh4 53. Rh1 Qg5 54. Qxc4 Qd2+ 55. Kf3 Qg5 56. Re1 Qf6+ 57. Kg2 Qg5 58. Kf3 Qf6+ 59. Qf4 Qc3+ 60. Qe3 Qf6+ 61. Kg2 Qh4 62. Qe6 Qg5 63. Kf3 Qf6+ 64. Qxf6 Bxf6 65. Rh1 Kg7 66. Ke4 Kh7 67. Kd3 Kg7 68. Kc4 Bg5 69. Kc5 Kf6 70. Kc6 Ke5 71. Re1+ Kf6 72. Kd7 Kf7 73. Rf1+ Bf6 74. Rf3 g5 75. Rf1 Kg7 76. Ke6 h5 77. gxh5 Bd4 78. Kf5 Kh6 79. Kg4 Be5 80. Re1 Bf6 81. Re6 Kg7 82. Kf5 Kh6 83. d6 exd6 84. Rxf6+ Kxh5 85. Rg6 1-0

[Event "St Petersburg March op"]
[Site "St Petersburg"]
[Date "2008.03.25"]
[Round "4"]
[White "Skrjabin, Igor"]
[Black "Chernenko, Ilya"]
[Result "1/2-1/2"]
[WhiteElo "2114"]
[BlackElo "2055"]
[PlyCount "107"]
[EventDate "2008.03.22"]
[EventType "swiss"]
[EventRounds "9"]
[EventCountry "RUS"]
[SourceTitle "EXT 2010"]
[Source "ChessBase"]
[SourceDate "2010.11.25"]
[SourceVersion "1"]
[SourceVersionDate "2010.11.25"]
[SourceQuality "1"]

1. e4 e6 2. d3 c5 3. Nf3 Nc6 4. g3 d6 5. Bg2 g6 6. 0-0 Bg7 7. c3 Nge7 8. Bg5 0-0 9. Qd2 e5 10. Bh6 Qb6 11. Na3 Kh8 12. Nc4 Qc7 13. Bxg7+ Kxg7 14. Ne3 f5 15. exf5 gxf5 16. Rae1 f4 17. Nc4 Bg4 18. Nh4 Ng6 19. Nxg6 hxg6 20. f3 Be6 21. Kf2 Rad8 22. Qe2 b5 23. Nd2 d5 24. d4 cxd4 25. cxd4 Qb6 26. Nb3 exd4 27. Kg1 Rfe8 28. Qd2 d3+ 29. Rf2 Bf5 30. gxf4 a5 31. Bf1 a4 32. Nc1 Nd4 33. Kg2 Rxe1 34. Qxe1 Qe6 35. Qc3 Qe3 36. Nxd3 Rc8 37. Qd2 Nc2 38. Ne5 Qxd2 39. Rxd2 Ne3+ 40. Kf2 Nxf1 41. Kxf1 Be6 42. Ke2 Kf6 43. a3 Kf5 44. Nd3 d4 45. Kf2 Rd8 46. Kg3 Bc4 47. Nf2 d3 48. Ne4 Rd4 49. h4 Rd8 50. Rh2 Bf7 51. Rd2 Rd4 52. Kf2 Bc4 53. Rd1 Rd7 54. Rh1 1/2-1/2

[Event "St Petersburg March op"]
[Site "St Petersburg"]
[Date "2008.03.22"]
[Round "1"]
[White "Chernenko, Ilya"]
[Black "Savinov, Leonid"]
[Result "0-1"]
[WhiteElo "2055"]
[BlackElo "2156"]
[PlyCount "96"]
[EventDate "2008.03.22"]
[EventType "swiss"]
[EventRounds "9"]
[EventCountry "RUS"]
[SourceTitle "EXT 2010"]
[Source "ChessBase"]
[SourceDate "2010.11.25"]
[SourceVersion "1"]
[SourceVersionDate "2010.11.25"]
[SourceQuality "1"]

1. d4 d5 2. Nf3 Bf5 3. c4 e6 4. Qb3 Nc6 5. Bd2 Qd7 6. e3 f6 7. Be2 g5 8. Nc3 Nge7 9. Na4 Ng6 10. Rc1 Nd8 11. Bb4 dxc4 12. Qa3 b5 13. Bxf8 Rxf8 14. Nc5 Qc6 15. d5 Qb6 16. Nd4 Ne7 17. e4 Bxe4 18. Ndxe6 Nxe6 19. dxe6 Bxg2 20. Bh5+ Ng6 21. Rg1 Bd5 22. Qe3 Ke7 23. Rd1 Rad8 24. Nd7 Qxe3+ 25. fxe3 Bxe6 26. Nxf8 Rxd1+ 27. Kxd1 Nxf8 28. Bf3 c5 29. Kc2 Nd7 30. Bc6 b4 31. Rd1 Ne5 32. Bd5 Bf5+ 33. e4 Bg4 34. Rg1 Be2 35. Rg2 Bd3+ 36. Kd2 h5 37. Ke3 Kd6 38. Rd2 f5 39. h4 f4+ 40. Kf2 c3 41. bxc3 bxc3 42. Rd1 Bc2 43. Rf1 g4 44. Kg2 Bd3 45. Rc1 c2 46. Kf2 c4 47. a3 Kc5 48. Ke1 Kd4 0-1

[Event "Petrovskaya Ladya op"]
[Site "Peterhof"]
[Date "2008.01.08"]
[Round "6"]
[White "Bazeev, German"]
[Black "Chernenko, Ilya"]
[Result "0-1"]
[WhiteElo "2163"]
[BlackElo "1997"]
[PlyCount "68"]
[EventDate "2008.01.03"]
[EventType "swiss"]
[EventRounds "9"]
[EventCountry "RUS"]
[SourceTitle "CBM 122 Extra"]
[Source "ChessBase"]
[SourceDate "2008.03.04"]
[SourceVersion "1"]
[SourceVersionDate "2008.03.04"]
[SourceQuality "1"]

1. e4 c5 2. Nf3 d6 3. d4 cxd4 4. Nxd4 Nf6 5. Nc3 a6 6. f3 e5 7. Nb3 Be6 8. Be3 Nc6 9. Nd5 Bxd5 10. exd5 Ne7 11. c4 g6 12. a4 a5 13. Bd3 Nf5 14. Bf2 Bh6 15. Qe2 0-0 16. Bxf5 gxf5 17. Bh4 Bg7 18. c5 dxc5 19. Rd1 Qb6 20. Qc4 Rfc8 21. Bf2 Nd7 22. 0-0 Qb4 23. Nd2 Nb6 24. Qd3 Nxa4 25. Qxf5 Nxb2 26. Ne4 Nxd1 27. Rxd1 Qb6 28. d6 Qb3 29. Ra1 Qe6 30. Qxe6 fxe6 31. Nxc5 Bf8 32. Nxb7 Rcb8 33. Nxa5 Bxd6 34. g3 Bc7 0-1

[Event "Petrovskaya Ladya op"]
[Site "Peterhof"]
[Date "2008.01.07"]
[Round "5"]
[White "Chernenko, Ilya"]
[Black "Kopasov, Alexander"]
[Result "1-0"]
[WhiteElo "1997"]
[BlackElo "2065"]
[PlyCount "139"]
[EventDate "2008.01.03"]
[EventType "swiss"]
[EventRounds "9"]
[EventCountry "RUS"]
[SourceTitle "CBM 122 Extra"]
[Source "ChessBase"]
[SourceDate "2008.03.04"]
[SourceVersion "1"]
[SourceVersionDate "2008.03.04"]
[SourceQuality "1"]

1. c4 Nf6 2. Nc3 e6 3. e4 d5 4. e5 d4 5. exf6 dxc3 6. fxg7 cxd2+ 7. Bxd2 Bxg7 8. Qc2 Nc6 9. Nf3 Qe7 10. Bd3 e5 11. 0-0-0 Bg4 12. Bc3 Bxf3 13. gxf3 0-0-0 14. Be4 Nd4 15. Bxd4 exd4 16. Qd3 h5 17. Qb3 c6 18. Qd3 Qc5 19. Kb1 Bf6 20. Rhe1 Kb8 21. Ka1 Rhg8 22. Rb1 a5 23. a3 Rg2 24. Re2 a4 25. b4 axb3 26. Rxb3 Rxh2 27. Reb2 Rh1+ 28. Ka2 Rd7 29. Rb6 Rc7 30. Qb3 Kc8 31. Rxb7 Bd8 32. f4 Rh4 33. Rb8+ Kd7 34. Qd3 Rxf4 35. Qh3+ f5 36. Bd3 Ra7 37. R8b3 Be7 38. Qg3 Rxa3+ 39. Kb1 Rg4 40. Rb7+ Ke8 41. Qb8+ Kf7 42. Rxe7+ Kxe7 43. Re2+ Kd7 44. Qe8+ Kc7 45. Re7+ Kb6 46. Qb8+ Ka5 47. Ra7+ Qxa7 48. Qxa7+ Kb4 49. Qb6+ Kc3 50. Qb2+ Kxd3 51. Qxa3+ Kxc4 52. Kc2 Kd5 53. Qf3+ Ke5 54. Qxc6 h4 55. Kd3 h3 56. Qh6 Rf4 57. Qxh3 Re4 58. Qg3+ Kd5 59. f3 Re3+ 60. Kd2 Re5 61. f4 Re3 62. Qg2+ Re4 63. Qg5 Re3 64. Qxf5+ Kc4 65. Qc8+ Kd5 66. Qf5+ Kc4 67. Qg6 Kd5 68. f5 Rh3 69. Qg2+ Ke5 70. Qxh3 1-0

[Event "Chigorin Memorial-B 15th"]
[Site "St Petersburg"]
[Date "2007.12.07"]
[Round "7"]
[White "Chernenko, Ilya"]
[Black "Pimenov, Revolt"]
[Result "1-0"]
[WhiteElo "1937"]
[BlackElo "2139"]
[PlyCount "55"]
[EventDate "2007.11.30"]
[EventType "swiss"]
[EventRounds "9"]
[EventCountry "RUS"]
[SourceTitle "CBM 121 Extra"]
[Source "ChessBase"]
[SourceDate "2008.01.10"]
[SourceVersion "1"]
[SourceVersionDate "2008.01.10"]
[SourceQuality "1"]

1. e4 e6 2. d4 d5 3. e5 c5 4. c3 Nc6 5. Nf3 Qb6 6. a3 a5 7. b3 cxd4 8. cxd4 Nge7 9. Bb2 Ng6 10. h4 Bd7 11. h5 Nge7 12. Bd3 Na7 13. Nc3 a4 14. b4 Nac8 15. Bc1 Nc6 16. Be3 Be7 17. Qc2 h6 18. Rh3 f5 19. exf6 Bxf6 20. Bg6+ Kd8 21. Rd1 N8e7 22. Ne5 Bxe5 23. dxe5 Qc7 24. f4 Nxg6 25. hxg6 Ne7 26. Bc5 b6 27. Bxe7+ Kxe7 28. Nxd5+ 1-0

[Event "Chigorin Memorial-B 15th"]
[Site "St Petersburg"]
[Date "2007.12.06"]
[Round "6"]
[White "Timofeev, Andrei"]
[Black "Chernenko, Ilya"]
[Result "1-0"]
[WhiteElo "2246"]
[BlackElo "1937"]
[PlyCount "149"]
[EventDate "2007.11.30"]
[EventType "swiss"]
[EventRounds "9"]
[EventCountry "RUS"]
[SourceTitle "CBM 121 Extra"]
[Source "ChessBase"]
[SourceDate "2008.01.10"]
[SourceVersion "1"]
[SourceVersionDate "2008.01.10"]
[SourceQuality "1"]

1. c4 g6 2. Nc3 Bg7 3. g3 Nf6 4. Bg2 0-0 5. e3 e5 6. Nge2 d6 7. 0-0 Nc6 8. Rb1 Be6 9. d3 d5 10. b3 Qd7 11. Re1 Rad8 12. Ba3 Rfe8 13. cxd5 Nxd5 14. Ne4 b6 15. Ng5 Bg4 16. Qd2 h6 17. Ne4 f5 18. N4c3 Ndb4 19. Nc1 e4 20. d4 a5 21. h3 Bh5 22. N3e2 g5 23. Qc3 Nd5 24. Qc2 b5 25. Bc5 b4 26. Kh2 Nb8 27. a3 Na6 28. axb4 axb4 29. Na2 Nxc5 30. Qxc5 Bf8 31. Qc2 Bd6 32. Ng1 Qe6 33. Bf1 Bf7 34. Bc4 h5 35. Qd2 Qe7 36. Kh1 Kh8 37. Qe2 c6 38. Bxd5 cxd5 39. Rec1 Rg8 40. Rc6 h4 41. g4 f4 42. Rbc1 f3 43. Qe1 Ra8 44. R1c2 Rgb8 45. Qf1 Be8 46. R6c5 Bxc5 47. dxc5 Ra5 48. Qe1 Rbb5 49. Qd2 Qe5 50. c6 Ra7 51. Nxb4 Rc7 52. Ra2 Bxc6 53. Nc2 Bd7 54. Nd4 Rb8 55. Qa5 Rcb7 56. Qa6 Rb6 57. Qa7 R8b7 58. Qa8+ Qb8 59. Qa5 Bb5 60. Qc3 Kh7 61. Nxb5 Rxb5 62. Qf6 Rg7 63. Ra6 Rbb7 64. Qf5+ Kg8 65. Qxd5+ Kf8 66. Rh6 Rh7 67. Qf5+ Kg8 68. Rc6 Rbc7 69. Qxg5+ Rhg7 70. Qd5+ Kf8 71. Rh6 Rg8 72. Qd6+ Ke8 73. Rh7 Rb7 74. Re7+ Kf8 75. Qf6# 1-0

[Event "Chigorin Memorial-B 15th"]
[Site "St Petersburg"]
[Date "2007.12.05"]
[Round "5"]
[White "Melnikov, Dmitry"]
[Black "Chernenko, Ilya"]
[Result "1-0"]
[WhiteElo "2293"]
[BlackElo "1937"]
[PlyCount "45"]
[EventDate "2007.11.30"]
[EventType "swiss"]
[EventRounds "9"]
[EventCountry "RUS"]
[SourceTitle "CBM 121 Extra"]
[Source "ChessBase"]
[SourceDate "2008.01.10"]
[SourceVersion "1"]
[SourceVersionDate "2008.01.10"]
[SourceQuality "1"]

1. e4 e6 2. d4 d5 3. Nc3 Nf6 4. Bg5 Bb4 5. Nge2 dxe4 6. a3 Be7 7. Bxf6 gxf6 8. Nxe4 b6 9. N2c3 Bb7 10. Qf3 c6 11. 0-0-0 Qc7 12. Nxf6+ Kd8 13. Bc4 Nd7 14. Nfe4 f5 15. Ng3 Qd6 16. Rhe1 Nf8 17. d5 Kc7 18. dxc6 Qxc6 19. Qf4+ Kc8 20. Nxf5 exf5 21. Rxe7 Ng6 22. Be6+ Qxe6 23. Qc7# 1-0

[Event "St Petersburg-ch U16"]
[Site "St Petersburg"]
[Date "2007.11.12"]
[Round "8.6"]
[White "Donskov, Anatoly"]
[Black "Chernenko, Ilya"]
[Result "1-0"]
[WhiteElo "2062"]
[BlackElo "1937"]
[PlyCount "125"]
[EventDate "2007.11.05"]
[EventType "swiss"]
[EventRounds "9"]
[EventCountry "RUS"]
[SourceTitle "EXT 2022"]
[Source "ChessBase"]
[SourceDate "2021.10.06"]
[SourceVersion "1"]
[SourceVersionDate "2021.10.06"]
[SourceQuality "1"]

1. e4 c5 2. Nf3 d6 3. d4 cxd4 4. Nxd4 Nf6 5. Nc3 Nc6 6. Be2 g6 7. Be3 Bg7 8. Qd2 Nxd4 9. Bxd4 0-0 10. 0-0-0 Bd7 11. f3 Qa5 12. Bc4 Rfc8 13. Bb3 Be6 14. Bxe6 fxe6 15. Kb1 Rc4 16. Bxf6 Bxf6 17. Nd5 Qxd2 18. Nxf6+ exf6 19. Rxd2 Rd8 20. Rhd1 Rc6 21. a4 Kf7 22. b3 Ke7 23. Kb2 e5 24. c4 Ke6 25. Rd5 b6 26. a5 f5 27. axb6 axb6 28. Ra1 fxe4 29. fxe4 Rf8 30. Rd2 Rf4 31. Re2 Kd7 32. Kc3 Rc7 33. Kd3 Kc6 34. b4 Rcf7 35. b5+ Kc5 36. Kc3 d5 37. cxd5 Kxb5 38. Rb1+ Kc5 39. Kd3 Rf2 40. Rc1+ Kb5 41. Rc8 Rf1 42. Rb2+ Ka6 43. Re8 Rd1+ 44. Ke3 Re1+ 45. Re2 Rxe2+ 46. Kxe2 b5 47. Rxe5 b4 48. Kd3 Kb5 49. Re8 Kc5 50. Rc8+ Kd6 51. Rc6+ Kd7 52. Rb6 Rf2 53. Rxb4 h5 54. Rb7+ Kc8 55. Rg7 Rxg2 56. Kd4 h4 57. h3 Rg3 58. Ke5 Rxh3 59. Rxg6 Ra3 60. Ke6 h3 61. Rh6 Ra6+ 62. d6 Kb7 63. Rxh3 1-0

[Event "St Petersburg-ch U16"]
[Site "St Petersburg"]
[Date "2007.11.11"]
[Round "7.4"]
[White "Airumian, Sergei"]
[Black "Chernenko, Ilya"]
[Result "1-0"]
[WhiteElo "2037"]
[BlackElo "1937"]
[PlyCount "127"]
[EventDate "2007.11.05"]
[EventType "swiss"]
[EventRounds "9"]
[EventCountry "RUS"]
[SourceTitle "EXT 2022"]
[Source "ChessBase"]
[SourceDate "2021.10.06"]
[SourceVersion "1"]
[SourceVersionDate "2021.10.06"]
[SourceQuality "1"]

1. e4 c5 2. Nf3 d6 3. d4 cxd4 4. Qxd4 Nc6 5. Bb5 Bd7 6. Bxc6 Bxc6 7. Nc3 Nf6 8. Bg5 e6 9. Qd3 Be7 10. 0-0 Qa5 11. Bh4 0-0 12. Nd4 Qh5 13. Bg3 e5 14. Nf5 Rfe8 15. Nxe7+ Rxe7 16. Qxd6 Re6 17. Qd3 Qg6 18. Rfe1 h5 19. Bh4 Qh7 20. Bxf6 gxf6 21. Nd5 Bxd5 22. Qxd5 Kh8 23. Qxb7 Rg8 24. Re3 h4 25. Rd1 Rb6 26. Qxa7 Qh5 27. Rde1 Rxb2 28. c4 Qg4 29. g3 Qf4 30. Rc3 Qd2 31. Qe3 Qxe3 32. Rexe3 Rxa2 33. Kg2 Rc8 34. gxh4 Ra4 35. c5 Ra5 36. c6 Ra6 37. c7 Ra7 38. Rc6 Raxc7 39. Rxf6 Kg7 40. Ref3 Ra8 41. R6f5 Re7 42. Rg3+ Kh6 43. Rgg5 Re6 44. Rxf7 Ra4 45. Rf8 Kh7 46. f3 Ra2+ 47. Kg3 Ra1 48. Kg4 Rf1 49. Rff5 Rg1+ 50. Kh3 Rf1 51. Kg2 Rb1 52. Rxe5 Rc6 53. Rc5 Ra6 54. Rh5+ Kg7 55. Rcg5+ Kf7 56. Rh7+ Kf8 57. Rc5 Ra2+ 58. Kg3 Rg1+ 59. Kf4 Kg8 60. Rb7 Rg7 61. Rg5 Rxg5 62. hxg5 Rxh2 63. Kf5 Rf2 64. f4 1-0

[Event "St Petersburg-ch U16"]
[Site "St Petersburg"]
[Date "2007.11.05"]
[Round "1.7"]
[White "Markevich, Ilya"]
[Black "Chernenko, Ilya"]
[Result "0-1"]
[WhiteElo "2088"]
[BlackElo "1937"]
[PlyCount "72"]
[EventDate "2007.11.05"]
[EventType "swiss"]
[EventRounds "9"]
[EventCountry "RUS"]
[SourceTitle "EXT 2022"]
[Source "ChessBase"]
[SourceDate "2021.10.06"]
[SourceVersion "1"]
[SourceVersionDate "2021.10.06"]
[SourceQuality "1"]

1. e4 e6 2. d4 d5 3. Nc3 Nf6 4. Bg5 Bb4 5. Nge2 dxe4 6. a3 Be7 7. Bxf6 gxf6 8. Nxe4 b6 9. N4c3 Bb7 10. Qd2 Nd7 11. 0-0-0 c6 12. g3 Qc7 13. Bg2 0-0-0 14. Kb1 Ne5 15. Qf4 Nc4 16. Rhe1 f5 17. Ka2 Bd6 18. Qf3 Qe7 19. Qd3 b5 20. a4 a6 21. d5 Ba3 22. b3 Nb2 23. Qd4 Nxd1 24. Qxd1 Bc5 25. Nd4 Qc7 26. Nf3 cxd5 27. Ne2 bxa4 28. bxa4 Bxf2 29. Rf1 Qc4+ 30. Kb1 Qb4+ 31. Ka1 Qxa4+ 32. Kb1 Bc5 33. Ne5 Rd6 34. Rf3 Rb6+ 35. Kc1 Qa1+ 36. Kd2 Qxe5 0-1

[Event "St Petersburg White Nights op"]
[Site "St Petersburg"]
[Date "2007.07.02"]
[Round "8"]
[White "Lushnikov, Andrey Yakovlevich"]
[Black "Chernenko, Ilya"]
[Result "1/2-1/2"]
[WhiteElo "2303"]
[BlackElo "1787"]
[PlyCount "101"]
[EventDate "2007.06.25"]
[EventType "swiss"]
[EventRounds "9"]
[EventCountry "RUS"]
[SourceTitle "CBM 119 Extra"]
[Source "ChessBase"]
[SourceDate "2007.09.04"]
[SourceVersion "1"]
[SourceVersionDate "2007.09.04"]
[SourceQuality "1"]

1. e4 c5 2. Nf3 Nc6 3. d4 cxd4 4. Nxd4 Nf6 5. Nc3 d6 6. Be2 e6 7. Be3 Be7 8. 0-0 0-0 9. f4 a6 10. Bf3 Qc7 11. a4 Nxd4 12. Bxd4 Bd7 13. a5 Bc6 14. Qe1 Bd8 15. Kh1 Qe7 16. Qf2 Bc7 17. e5 dxe5 18. Bc5 Bd6 19. fxe5 Bxc5 20. exf6 Qd6 21. Qh4 gxf6 22. Bxc6 Qxc6 23. Qxf6 e5 24. Qxe5 f6 25. Qh5 Rf7 26. Ra4 Rg7 27. Rg4 Re8 28. Rxg7+ Kxg7 29. h3 Re5 30. Qg4+ Rg5 31. Qe4 Re5 32. Qd3 Bb4 33. Ne2 Qb5 34. Nf4 Bxa5 35. c4 Qc6 36. Nd5 Bd8 37. Ne3 Qe8 38. Nf5+ Kh8 39. Qg3 Qd7 40. Qa3 Kg8 41. Nh6+ Kg7 42. Ng4 Rf5 43. Rxf5 Qxf5 44. Qd6 Qc8 45. Qf4 Qc6 46. Ne3 Qe6 47. Qg3+ Kf7 48. Qf3 Qe7 49. c5 Qxc5 50. Qxb7+ Bc7 51. Nf1 1/2-1/2

[Event "Petrovskaya Ladya op"]
[Site "Peterhof"]
[Date "2007.01.05"]
[Round "3"]
[White "Chernenko, Ilya"]
[Black "Balakirev, Ilya"]
[Result "0-1"]
[WhiteElo "1734"]
[BlackElo "2176"]
[PlyCount "84"]
[EventDate "2007.01.03"]
[EventType "swiss"]
[EventRounds "9"]
[EventCountry "RUS"]
[SourceTitle "CBM 116 Extra"]
[Source "ChessBase"]
[SourceDate "2007.03.07"]
[SourceVersion "1"]
[SourceVersionDate "2007.03.07"]
[SourceQuality "1"]

1. c4 c6 2. d4 d5 3. Nc3 e6 4. Nf3 Nf6 5. Bg5 dxc4 6. e3 b5 7. a4 Bb4 8. Ne5 Bb7 9. Qf3 Qd5 10. Qf4 Nbd7 11. Be2 Nxe5 12. Bxf6 gxf6 13. dxe5 Qxe5 14. Qxe5 fxe5 15. Bf3 a6 16. Ke2 Bxc3 17. bxc3 0-0-0 18. Rab1 Rd3 19. Rhc1 Rhd8 20. Rc2 f5 21. g4 e4 22. Bg2 Rg8 23. Bh3 f4 24. Rg1 Rgd8 25. Rb1 f3+ 26. Ke1 R3d5 27. Rcb2 Rg5 28. Rd2 Rdd5 29. Kd1 Kc7 30. Kc2 Bc8 31. Rd4 Rxd4 32. exd4 h5 33. Rg1 e5 34. dxe5 Rxe5 35. Rg3 Rg5 36. Kd2 hxg4 37. Ke3 Rg8 38. Bf1 Rh8 39. h3 gxh3 40. Rg1 h2 41. Rh1 Rh4 42. Kd4 Kd6 0-1